书目信息 |
| 题名: |
地域文化视角下凤凰古镇的保护与传承
|
|
| 作者: | 张蕾 著 | |
| 分册: | ||
| 出版信息: | 北京 中国原子能出版社 2019.11 |
|
| 页数: | 130页 | |
| 开本: | 19cm | |
| 丛书名: | ||
| 单 册: | ||
| 中图分类: | TU-87 | |
| 科图分类: | ||
| 主题词: | 乡镇--古建筑--保护--研究--柞水县 | |
| 电子资源: | ||
| ISBN: | 978-7-5221-0209-2 | |
| 000 | 00990nam0 2200229 450 | |
| 001 | 012019256820 | |
| 005 | 20200528083237.3 | |
| 010 | @a978-7-5221-0209-2@dCNY58 | |
| 100 | @a20200528d2019 em y0chiy0110 ea | |
| 101 | 0 | @achi |
| 102 | @aCN@b110000 | |
| 105 | @af z 000zy | |
| 106 | @ar | |
| 200 | 1 | @a地域文化视角下凤凰古镇的保护与传承@9Di Yu Wen Hua Shi Jiao Xia Feng Huang Gu Zhen De Bao Hu Yu Chuan Cheng @f张蕾著 |
| 210 | @a北京@c中国原子能出版社@d2019.11 | |
| 215 | @a130页@d19cm | |
| 330 | @a古镇,是我国珍贵的历史文化遗产,随着快速城镇化和过度旅游开发,遭到了不同程度的破坏。本书以陕西省凤凰古镇为研究对象,通过文献资料收集梳理、现场调研、测绘、访谈等技术方案,从地域文化的视角出发,对古镇的历史沿革、空间格局、街巷空间、传统建筑与装饰等方面进行调查和研究,并对古镇的保护和有机更新提出合理的方案。 | |
| 606 | 0 | @a乡镇@x古建筑@x保护@x研究@x柞水县 |
| 690 | 0 | @aTU-87@v5 |
| 701 | 0 | @a张蕾@9Zhang Lei @4著 |
| 801 | 0 | @aCN@bBJXHZP@c20230228 |
| 905 | @b1395289-92@dTU-87@e944@f4 | |
| 地域文化视角下凤凰古镇的保护与传承/张蕾著.-北京:中国原子能出版社,2019.11 |
| 130页;19cm |
| ISBN 978-7-5221-0209-2:CNY58 |
| 古镇,是我国珍贵的历史文化遗产,随着快速城镇化和过度旅游开发,遭到了不同程度的破坏。本书以陕西省凤凰古镇为研究对象,通过文献资料收集梳理、现场调研、测绘、访谈等技术方案,从地域文化的视角出发,对古镇的历史沿革、空间格局、街巷空间、传统建筑与装饰等方面进行调查和研究,并对古镇的保护和有机更新提出合理的方案。 |
| ● |
| 相关链接 |
|
|
|
|
正题名:地域文化视角下凤凰古镇的保护与传承
索取号:TU-87/944
 
预约/预借
| 序号 | 登录号 | 条形码 | 馆藏地/架位号 | 状态 | 备注 |
| 1 | 1395289 | 213952891 | 第二样本阅览室/ [索取号:TU-87/944] | 在馆 | |
| 2 | 1395290 | 213952908 | 第三借阅区/ [索取号:TU-87/944] | 在馆 | |
| 3 | 1395291 | 213952917 | 第三借阅区/ [索取号:TU-87/944] | 在馆 | |
| 4 | 1395292 | 213952926 | 第三借阅区/ [索取号:TU-87/944] | 在馆 |